Music Quiz

Random Music or Clickable Quiz

Classical Music for Illiterates Quiz Stats

Quiz Updated May 5, 2015

Challenge
Share
Tweet
Embed
Score 0/18 Timer 10:00
0 Plays Today
% Correct
Beethoven's 5th Symphony
88%
William Tell overture (Rossini)
63.7%
Flight of the Bumblebee (Rimsky-Korsakov)
49.3%
1812 Overture (Tchaikovsky)
49.1%
Thus Spake Zarathustra (R Strauss)
48.4%
Blue Danube waltz (J Strauss II)
47%
Bolero (Ravel)
45.4%
A Little Night Music (Mozart)
42.7%
Für Elise (Beethoven)
39.9%
% Correct
Funeral March (Chopin)
36.8%
In the Hall of the Mountain King (Grieg)
33.3%
Ride of the Valkyries (Wagner)
32.6%
Bridal Chorus (Wagner)
31.3%
Mars (Holst)
27.2%
Sabre Dance (Khachaturian)
26.1%
Fanfare for the Common Man (Copland)
26%
Barber of Seville overture (Rossini)
25.3%
Dance of the Reed Flutes (Tchaikovsky)
20.7%

You're not logged in!

Compare scores with friends on all Sporcle quizzes.
Join for Free
OR
Log In

You Might Also Like...

Show Comments

Extras

Top Quizzes Today


Score Distribution

Your Account Isn't Verified!

In order to create a playlist on Sporcle, you need to verify the email address you used during registration. Go to your Sporcle Settings to finish the process.

Report this User

Report this user for behavior that violates our Community Guidelines.

Details: